Every Movie Directed by Jared Hess - Statistics

General Stats
  • This quiz has been taken 6 times
    3 since last reset
  • The average score is 4 of 9
Answer Stats
Year Film % Correct
2025 A Minecraft Movie
100%
2004 Napoleon Dynamite
100%
2006 Nacho Libre
67%
2015 Don Verdean
33%
2009 Gentlemen Broncos
33%
2016 Masterminds
33%
2024 Thelma the Unicorn
33%
2022 Ninety-Five Senses
0%
2003 Peluca
0%
No matching quizzes found
Score Distribution
Percent of People with Each Score
Percentile by Number Answered
Your Score History
You have not taken this quiz since the last reset